Stolice Azji - Statystyki

Ogólne statystyki
  • Ten quiz został rozwiązany 20 368 razy
    18 121 od ostatniego zresetowania
  • Średni wynik to 29 z 48
Statystyki odpowiedzi
Państwo Stolica % Poprawnych
Chiny Pekin
92%
Japonia Tokio
91%
Korea Południowa Seul
82%
Izrael Jerozolima
81%
Indie Nowe Delhi
80%
Cypr Nikozja
78%
Turcja Ankara
77%
Singapur Singapur
75%
Azerbejdżan Baku
74%
Korea Północna Pjongjang
74%
Kuwejt Kuwejt
73%
Afganistan Kabul
72%
Armenia Erywań
69%
Iran Teheran
69%
Zjednoczone Emiraty Arabskie Abu Zabi
68%
Indonezja Dżakarta
67%
Tajlandia Bangkok
66%
Malediwy Male
66%
Gruzja Tbilisi
65%
Mongolia Ułan Bator
65%
Arabia Saudyjska Rijad
64%
Irak Bagdad
63%
Kazachstan Astana
62%
Syria Damaszek
61%
Wietnam Hanoi
59%
Filipiny Manila
58%
Bangladesz Dhaka
56%
Katar Doha
56%
Pakistan Islamabad
54%
Tajwan Tajpej
54%
Malezja Kuala Lumpur
53%
Liban Bejrut
52%
Timor Wschodni Dili
52%
Jordania Amman
51%
Laos Wientian
50%
Bahrajn Manama
49%
Jemen Sana
48%
Sri Lanka Sri Dźajawardanapura Kotte
48%
Nepal Katmandu
47%
Kirgistan Biszkek
45%
Oman Maskat
44%
Kambodża Phnom Penh
43%
Bhutan Thimphu
39%
Uzbekistan Taszkent
37%
Turkmenistan Aszchabad
35%
Tadżykistan Duszanbe
35%
Mjanma Naypyidaw
33%
Brunei Bandar Seri Begawan
32%
Nie znaleziono quizów pasujących do podanych kryteriów
Rozkład punktacji
Procent ludzi z każdym wynikiem
Percentyl według liczby udzielonych odpowiedzi
Twoja historia wyników
Nie rozwiązałeś tego quizu od ostatniego zresetowania